Самоучитель по бухгалтерскому учету

Bibliographic Details
Main Author: Кондраков Н. П. Николай Петрович
Summary:В самоучителе детально изложены основы бухгалтерского учета, позволяющие самостоятельно изучить сущность и основные правила его ведения, базовые принципы формирования отчетности в соответствии с действующим Планом счетов бухгалтерского учета, раскрыты особенности учета в хозяйствующих субъектах различных организационно-правовых форм. Материал самоучителя представлен в доступной форме и раскрыт на примерах хозяйственных операций с приведением правильных ответов по каждой теме. Наличие сквозной задачи позволяет освоить как теоретическую, так и практическую сторону составления бухгалтерской отчетности. Для студентов, аспирантов и преподавателей, практических работников бухгалтерских и экономических служб организаций, а также всех желающих получить основные знания по бухгалтерскому учету.
Language:Russian
Published: Москва, Проспект, 2014
Edition:6-е изд., перераб. и доп.
Subjects:
Format: Book
KOHA link:https://koha.lib.tpu.ru/cgi-bin/koha/opac-detail.pl?biblionumber=247930

MARC

LEADER 00000nam0a2200000 4500
001 247930
005 20231101232336.0
010 |a 9785392115396 
010 |a 978-5-392-14406-8 
035 |a (RuTPU)RU\TPU\book\269558 
035 |a RU\TPU\book\120289 
035 |a RU\TPU\book\210911 
090 |a 247930 
100 |a 20070314d2014 m y0rusy50 ca 
101 0 |a rus 
102 |a RU 
105 |a y j 001zy 
200 1 |a Самоучитель по бухгалтерскому учету  |f Н. П. Кондраков 
205 |a 6-е изд., перераб. и доп. 
210 |a Москва  |c Проспект  |d 2014 
215 |a 586 с. 
320 |a Библиогр.: с. 577. 
330 |a В самоучителе детально изложены основы бухгалтерского учета, позволяющие самостоятельно изучить сущность и основные правила его ведения, базовые принципы формирования отчетности в соответствии с действующим Планом счетов бухгалтерского учета, раскрыты особенности учета в хозяйствующих субъектах различных организационно-правовых форм. Материал самоучителя представлен в доступной форме и раскрыт на примерах хозяйственных операций с приведением правильных ответов по каждой теме. Наличие сквозной задачи позволяет освоить как теоретическую, так и практическую сторону составления бухгалтерской отчетности. Для студентов, аспирантов и преподавателей, практических работников бухгалтерских и экономических служб организаций, а также всех желающих получить основные знания по бухгалтерскому учету. 
606 1 |a Бухгалтерский учет  |2 stltpush  |3 (RuTPU)RU\TPU\subj\30744  |9 53805 
610 1 |a экономика 
610 1 |a теория 
610 1 |a бухгалтерские счета 
610 1 |a двойная запись 
610 1 |a учебные регистры 
610 1 |a план счетов 
610 1 |a главный бухгалтер 
610 1 |a права 
610 1 |a обязанности 
610 1 |a собственный капитал 
610 1 |a резервный капитал 
610 1 |a долгосрочные инвестиции 
610 1 |a основные средства 
610 1 |a нематериальные активы 
610 1 |a материально-производственные запасы 
610 1 |a оплата труда 
610 1 |a затраты 
610 1 |a продукция 
610 1 |a себестоимость 
610 1 |a калькулирование 
610 1 |a готовая продукция 
610 1 |a товары 
610 1 |a денежные средства 
610 1 |a финансовые вложения 
610 1 |a расчеты 
610 1 |a финансовые результаты 
610 1 |a бухгалтерская отчетность 
610 1 |a учетная политика 
610 1 |a ценности на забалансовых счетах 
610 1 |a малые предприятия 
610 1 |a самоучители 
610 1 |a учебные пособия 
675 |a 657.22(075.8)  |v 3 
700 1 |a Кондраков  |b Н. П.  |g Николай Петрович 
801 1 |a RU  |b 63413507  |c 20140116 
801 2 |a RU  |b 63413507  |c 20161013  |g RCR 
900 |a Бухгалтерский учет 
942 |c BK 
959 |a 4/20140116  |d 7  |e 250,00  |f ЧЗГЛ:1  |f АНЛ:1  |f УФ:5 
959 |a 56/20140321  |d 3  |e 250,00  |f УФ:3